Incertidumbre de las políticas ambientales /

Guardado en:
書目詳細資料
主要作者: Quintero, María Luisa
格式: Texto
主題:
標簽: 添加標簽
沒有標簽, 成為第一個標記此記錄!

MARC

LEADER 00000 a a2200000 04500
001 5359
003
040 |a CRAI/IIS  |c CRAI/IIS 
100 |a Quintero, María Luisa  
245 |a Incertidumbre de las políticas ambientales /  |c María Luisa Quintero  
650 |a POLITICA AMBIENTAL  
650 |a CREENCIA  
650 |a GESTION AMBIENTAL  
773 |g número 328; páginas 79-88  
999 |c 20045  |d 20045